Länder nach Hauptstadt - Afrika - Statistiken

Allgemein
  • Dieses Quiz wurde 116 mal gespielt
  • Das Durchschnittsergebnis liegt bei 40 aus 54
Antwortstatistiken
Hauptstadt Land % Korrekt
Kairo Ägypten
99%
Dschibuti-Stadt Dschibuti
99%
Algier Algerien
98%
Bissau Guinea-Bissau
96%
Nairobi Kenia
95%
Pretoria / Bloemfontein / Kapstadt Südafrika
95%
Addis Abeba Äthiopien
94%
Rabat Marokko
94%
Tunis Tunesien
94%
São Tomé São Tomé und Principe
91%
Dakar Senegal
91%
Antananarivo Madagaskar
90%
Kinshasa Demokratische Republik Kongo
88%
Windhoek Namibia
88%
Tripolis Libyen
86%
Mogadischu Somalia
84%
Accra Ghana
83%
Luanda Angola
81%
Abuja Nigeria
79%
Ouagadougou Burkina Faso
78%
Khartum Sudan
78%
Brazzaville Republik Kongo
77%
Freetown Sierra Leone
77%
Asmara Eritrea
72%
Dodoma Tansania
70%
Bamako Mali
69%
Port Louis Mauritius
69%
Lomé Togo
68%
Kigali Ruanda
67%
Juba Südsudan
67%
N'Djamena Tschad
67%
Libreville Gabun
65%
Conakry Guinea
65%
Praia Kap Verde
65%
Harare Simbabwe
65%
Kampala Uganda
65%
Yamoussoukro Elfenbeinküste
64%
Yaoundé Kamerun
64%
Lilongwe Malawi
64%
Nouakchott Mauretanien
64%
Maputo Mosambik
64%
Niamey Niger
64%
Lusaka Sambia
64%
Victoria Seychellen
64%
Monrovia Liberia
63%
Porto-Novo Benin
62%
Mbabane Eswatini
62%
Banjul Gambia
62%
Bangui Zentralafrikanische Republik
60%
Gaborone Botswana
59%
Gitega Burundi
57%
Moroni Komoren
57%
Malabo Äquatorial-Guinea
56%
Maseru Lesotho
51%
Keine übereinstimmenden Quizze gefunden
Verteilung der Resultate
Anzahl Personen mit jedem Resultat
Perzentil nach korrekt beantworteten Fragen
Ihre Resultats-Entwicklung
Sie haben dieses Quiz noch nicht gespielt